Normal view
MARC view
Entry Topical Term
001 - CONTROL NUMBER
- control field: 32302
003 - CONTROL NUMBER IDENTIFIER
- control field: dpl
005 - DATE AND TIME OF LATEST TRANSACTION
- control field: 20110810143209.0
008 - FIXED-LENGTH DATA ELEMENTS
- fixed length control field: 110810|||a|||||| | ||| d
040 ## - CATALOGING SOURCE
- Original cataloging agency: dpl
- Transcribing agency: dpl
150 ## - HEADING--TOPICAL TERM
- Topical term or geographic name as entry element: Architecture
- Geographic subdivision: India.
670 ## - SOURCE DATA FOUND
- Source citation: Work cat.: (dpl)54651: Batley, Claude, 1879- [from old catalog] 32301, The design development of Indian architecture., 2009.
670 ## - SOURCE DATA FOUND
- Source citation: Work cat.: (dpl)54651: Batley, Claude, 1879- [from old catalog] 32301, The design development of Indian architecture., 2009.
